Public administration in theory and practice /

Na minha lista:
Detalhes bibliográficos
Autor principal: Cox, Raymond W.
Outros Autores: Buck, Susan J., Morgan, Betty N.
Formato: Livro
Publicado em: Person education inc.: Lomgman, c2011.
Edição:2nd ed.
Assuntos:
Tags: Adicionar Tag
Sem tags, seja o primeiro a adicionar uma tag!

MARC

LEADER 00000cam a22000004a 4500
005 20260416051224.0
020 |a 9780205781256  |c TZS 50,975.5/= 
020 |a 020578125X 
040 |a MCCL  |b eng.  |e AACR 2nd rev. ed. 
082 0 0 |a 351 COX 
100 1 |a Cox, Raymond W., 
245 1 0 |a Public administration in theory and practice /  |c Raymond W. Cox, Susan J. Buck, Betty N. Morgan. 
250 |a 2nd ed. 
260 |a Person education inc.:  |b Lomgman,  |c c2011. 
300 |a ix, 310 p. :  |c 23 cm. 
504 |a Includes bibliographical references and index. 
650 0 |a Public administration. 
650 0 |a Public administration  |z United States. 
700 1 |a Buck, Susan J. 
700 1 |a Morgan, Betty N. 
942 |c BK 
999 |c 12657  |d 12657